000 00506nam a2200181Ia 4500
008 090124s9999 xx 000 0 und d
082 _b24906
_a1497
100 _aपानवलकर श्री. दा.
245 _a शूटिंग
250 _a1
260 _c1986
300 _a156
600 _aपानवलकर श्री. दा.
630 _a शूटिंग
700 _aपानवलकर श्री. दा.
730 _a शूटिंग
942 _cBOOK
999 _c138442
_d138442